|
|
|
|
| LEADER |
00000cam a2200000 7i4500 |
| 001 |
0000001817 |
| 005 |
20020128.0 |
| 020 |
0 |
0 |
|a 9832181216
|
| 090 |
0 |
0 |
|a 634.90720595
|b FOR 2001
|
| 245 |
0 |
0 |
|a FORESTRY and forest products R & D in FRIM :
|b yesterday, today & tomorrow :
|b 1901-2001, centennial celebration
|
| 260 |
0 |
0 |
|a Kuala Lumpur :
|b FRIM ,
|c 2001
|
| 300 |
|
|
|a 105 p. :
|b col. ill. ;
|c 19 x 26 cm.
|
| 650 |
0 |
0 |
|a Anniversaries
|
| 650 |
0 |
0 |
|a Forests and forestry
|z Malaysia
|x Research
|
| 710 |
1 |
1 |
|a Institut Penyelidikan Perhutanan Malaysia (FRIM)
|
| 998 |
|
|
|a JPSM
|
| 999 |
|
|
|a 0000002869
|b Monograph
|c Open Shelf
|e Default branch
|